000 005100000a22002050004500
999 _c48479
_d48479
001 1310
003 CO-MdFUSB
005 20171003151000.0
008 170912b xxu||||| |||| 00| 0 eng d
020 _a84-662-0349-4
040 _cCO-MdBIC
082 0 4 _a790 M484j
110 1 _aPanamericana Editorial
245 1 0 _aJuegos y canciones infantiles / Ilustrado por Elena García
250 _aEva Melgar
260 _aBogotá : Panamericana
300 _a128 Pag.
650 1 4 _aRECREACION
942 _cLGB